000 00725nam a2200289Ia 4500
005 20260324125921.0
008 008 260324s9999 xx 000 0 eng d
020 _a9781315084091
037 _aEBOOK
040 _aCRL
040 _beng
040 _cCRL
041 _2eng
041 _aeng
084 _qCRL
100 _aHelen L. Johnson; Arthur Salz
_91179827
245 0 _aWhat Is Authentic Educational Reform?
245 0 _bPushing Against the Compassionate Conservative Agenda
260 _bTaylor and Francis
260 _c2008
365 _a
365 _b145
856 _uhttp://www.taylorfrancis.com/books/9781315084091
942 _cEBOOK
999 _c1775495
_d1775495